Les Drapeaux qui sont inclus en Eux-Mêmes - Statistiques

Statistiques générales
  • Ce quiz a été pris 62 fois
    59 depuis la dernière actualisation
  • Le résultat moyen est 4 sur 24
Statistiques - réponses
Pays % Correct
Ukraine 🇺🇦
82%
Monaco 🇲🇨
64%
Pologne 🇵🇱
61%
Indonésie 🇮🇩
54%
Bavière
14%
République Tchèque 🇨🇿
13%
Bade-Wurtemberg
9%
Saxe
9%
Saxe-Anhalt
9%
Vallée d'Aoste
9%
Zurich
9%
Fribourg
7%
Madagascar 🇲🇬
7%
Seychelles 🇸🇨
7%
Alsace (Rot un Wiss) 🇮🇩
5%
Bénin 🇧🇯
5%
Hesse 🇲🇨
5%
Lucerne
5%
Namur
5%
Tessin
5%
Thuringe 🇵🇱
5%
Réunion 🇷🇪
4%
Soleure 🇲🇨
4%
Martinique
2%
Aucun quiz correspondant
Distribution des résultats
% des personnes avec chaque résultat
Percentile par nombre de réponses
Votre historique - résultats
Vous n’avez pas pris ce quiz depuis la dernière actualisation